000 00626nam a2200181Ia 4500
008 100920s9999 xx 000 0 und d
082 _b5841
_a891.43 0
100 _aआनन्दकुमार.
245 _aसदाचार की कथाएँ.
260 _bराजपाल एण्ड सन्स ,कश्मीरी गेट, दिल्ली.
_c0
300 _a110
_bसाधी
365 _b1.25
520 _aहिंदी.
630 _aसदाचार की कथाएँ.
650 _aहिंदी.
730 _aसदाचार की कथाएँ.
942 _cBOOK
999 _c674610
_d674607